Ekonomi sumber hutan

Bibliographic Details
Main Author: Mohd Shahwahid Hj Othman
Format: Book
Published: Kuala Lumpur : DBP , 1995
Subjects:

MARC

LEADER 00000cam a2200000 7i4500
001 0000000008
005 20000920.0
020 0 0 |a 9836247122 
090 0 0 |a 333.75   |b MOH 1995 
100 0 0 |a Mohd Shahwahid Hj Othman 
245 1 0 |a Ekonomi sumber hutan   |c Mohd. Shahwahid Haji Othman 
260 0 0 |a Kuala Lumpur :   |b DBP ,   |c 1995 
300 |a xii, 156 p. :   |b ill. ;   |c 21 cm. 
650 0 0 |a Forest products industry 
650 0 0 |a Forests and forestry 
650 0 0 |a Logging 
999 |a 0000000956   |b Monograph   |c Open Shelf   |e Default branch 
999 |a 0000000976   |b Monograph   |c Open Shelf   |e Default branch 
999 |a 0000001035   |b Monograph   |c Open Shelf   |e Default branch